MARC details
| 000 -LÍDER |
| campo de controle de tamanho fixo |
01200nac a22003617a 4500 |
| 001 - NÚMERO DE CONTROLE |
| campo de controle |
BR8206263 |
| 003 - IDENTIFICADOR DO NÚMERO DE CONTROLE |
| campo de controle |
BR-BrBNA |
| 005 - DATA E HORÁRIO DA ÚLTIMA TRANSAÇÃO |
| campo de controle |
20240105115531.0 |
| 008 - CAMPO DE DADOS FIXOS--INFORMAÇÃO GERAL |
| campo de controle de tamanho fixo |
230509b bl.|||m| |||| 00| 0 por d |
| 040 ## - FONTE DA CATALOGAÇÃO |
| Instituição da catalogação original |
BR-BrBNA |
| Idioma da catalogação |
por |
| Instituição que transcreveu o registro |
Biblioteca Nacional de Agricultura |
| 072 ## - CÓDIGO DE CATEGORIA DE ASSUNTO |
| Código de Categoria de Assunto |
E70; E30; S00 |
| 090 ## - NÚMERO DE CHAMADA LOCAL |
| Número de chamada |
E70 BR8206263 |
| 100 1# - ENTRADA PRINCIPAL--NOME PESSOAL |
| Nome pessoal |
Trindade, C.M. de A. |
| 100 1# - ENTRADA PRINCIPAL--NOME PESSOAL |
| Nome pessoal |
Poggi, M.T. |
| 100 1# - ENTRADA PRINCIPAL--NOME PESSOAL |
| Nome pessoal |
Freire, R.B. de S. |
| 110 1# - ENTRADA PRINCIPAL--NOME CORPORATIVO |
| Nome corporativo ou nome da jurisdição |
Instituto de Desenvolvimento de Pernambuco, Recife (Brasil) |
| 9 (RLIN) |
6009 |
| 245 1# - TÍTULO |
| Título |
Abastecimento alimentar para a zona canavieira de Pernambuco [comercializacao, deficiencia nutricional, nutricao humana, Brasil] |
| 260 3# - PUBLICAÇÃO, DISTRIBUIÇÃO, ETC. |
| Local de publicação, distribuição, etc. |
Recife, PE (Brasil): |
| Data da publicação, distribuição, etc. |
1982. |
| 300 ## - DESCRIÇÃO FÍSICA |
| Extensão |
33 p. |
| 490 ## - TÍTULO DA SÉRIE |
| Título da série |
Projetos Socio-Economicos - Instituto de Desenvolvimento de Pernambuco (Brazil) |
| Número do volume ou designação sequencial da série |
n. 3 |
| ISSN - International Standard Serial Number |
|
| 650 ## - ASSUNTO--TERMO TÓPICO |
| Cabeçalho tópico ou nome geográfico |
PROJETO DE DESENVOLVIMENTO |
| 650 ## - ASSUNTO--TERMO TÓPICO |
| Cabeçalho tópico ou nome geográfico |
DIRETRIZ |
| 650 ## - ASSUNTO--TERMO TÓPICO |
| Cabeçalho tópico ou nome geográfico |
ABASTECIMENTO |
| 650 ## - ASSUNTO--TERMO TÓPICO |
| Cabeçalho tópico ou nome geográfico |
DEFICIENCIA NUTRICIONAL |
| 650 ## - ASSUNTO--TERMO TÓPICO |
| Cabeçalho tópico ou nome geográfico |
NUTRICAO HUMANA |
| 650 ## - ASSUNTO--TERMO TÓPICO |
| Cabeçalho tópico ou nome geográfico |
ALIMENTO |
| 650 ## - ASSUNTO--TERMO TÓPICO |
| Cabeçalho tópico ou nome geográfico |
POPULACAO RURAL |
| 650 ## - ASSUNTO--TERMO TÓPICO |
| Cabeçalho tópico ou nome geográfico |
BAIXA RENDA |
| 650 ## - ASSUNTO--TERMO TÓPICO |
| Cabeçalho tópico ou nome geográfico |
ZONA CANAVIEIRA |
| 650 ## - ASSUNTO--TERMO TÓPICO |
| Cabeçalho tópico ou nome geográfico |
PERNAMBUCO |
| 909 ## - |
| -- |
202312 |
| -- |
Lúcia Elande |
| -- |
55 |
| -- |
Lúcia Elande |
| 942 ## - ELEMENTOS DE ENTRADA ADICIONADOS (KOHA) |
| Fonte da classificação ou esquema de arquivamento na estante |
Classificação AGRIS |
| Ocultar no OPAC |
Não |
| Tipo de material Koha |
Monografia Seriada |